[Event "Ch Moscow (for the Deaf)"]
[Site "Moscow RUS"]
[Date "1996.??.??"]
[Round "?"]
[White "Zhukov Vadim A"]
[Black "Smirnov, Andrey"]
[Result "0-1"]
[WhiteElo "2270"]
[BlackElo "2193"]
[PlyCount "54"]
[EventDate "1996.??.??"]
[Source "www.chesslib.no"]
[SourceDate "2004.05.04"]

1. e4 e5 2. Nf3 Nf6 3. Bc4 Nxe4 4. O-O d5 5. Re1 dxc4 6. Rxe4 Nc6 7. Nxe5 Nxe5 8. Rxe5+ Be6 9. d4 cxd3 10. Qxd3 Qxd3 11. cxd3 O-O-O 12. Bg5 Rxd3 13. Nc3 Bb4 14. Na4 h6 15. Re3 Rd4 16. Bxh6 Rxh6 17. Nc3 Rd2 18. b3 Bxc3 19. Rxc3 Rf6 20. f3 Rg6 21. g3 Rh6 22. h4 g5 23. Rac1 c6 24. a3 gxh4 25. g4 Bd5 26. b4 Re6 27. R1c2 Re1# 0-1

[Event "FIN Team Ch"]
[Site "Finland"]
[Date "1995.??.??"]
[Round "?"]
[White "Lehtivaara, Risto"]
[Black "Pihlajasalo, Antti"]
[Result "0-1"]
[WhiteElo "2255"]
[BlackElo "2200"]
[PlyCount "71"]
[EventDate "1995.??.??"]
[Source "www.chesslib.no"]
[SourceDate "2004.05.04"]

1. e4 e5 2. Nf3 Nf6 3. Bc4 Nxe4 4. Nc3 Nd6 5. Bb3 Nc6 6. O-O Be7 7. Re1 e4 8. Nxe4 Nxe4 9. Rxe4 d5 10. Re1 O-O 11. c3 Bf5 12. d4 Bd6 13. h3 Ne7 14. g4 Bc8 15. Bg5 f6 16. Bh4 h5 17. Nd2 hxg4 18. hxg4 g5 19. Bg3 Bxg3 20. fxg3 Kg7 21. Nf1 Rh8 22. Qf3 Qd6 23. Kg2 Bd7 24. Re2 Bb5 25. Re3 Rae8 26. Rae1 Bd7 27. Bc2 Ng6 28. Rxe8 Rxe8 29. Rxe8 Bxe8 30. Ne3 Ne7 31. Nf5+ Nxf5 32. Qxf5 Kf8 33. Bb3 c6 34. Bc2 Qe7 35. Kf2 Bd7 36. Qf3 0-1

[Event "Ada Open"]
[Site "?"]
[Date "2005.08.22"]
[Round "8"]
[White "Petrovic ZoZ"]
[Black "Grbic Milorad"]
[Result "1/2-1/2"]
[WhiteElo "2122"]
[BlackElo "2327"]
[PlyCount "74"]
[EventDate "2005.??.??"]
[Source "www.chesslib.no"]
[SourceDate "2004.05.04"]

1. e4 e5 2. Nf3 Nf6 3. Bc4 Nxe4 4. Nc3 Nd6 5. Bb3 e4 6. Qe2 Qe7 7. Nd4 Nc6 8. Nxc6 dxc6 9. O-O Bf5 10. Re1 Kd7 11. Qe3 Qf6 12. Ne2 Be7 13. c3 Qg5 14. Nf4 Qh4 15. g3 Qg4 16. d3 g5 17. Ng2 Qf3 18. Bd1 Qxe3 19. Nxe3 Bg6 20. dxe4 Bxe4 21. Nc4 Nxc4 22. Rxe4 Nd6 23. Re1 Rae8 24. Bh5 Bf6 25. Be3 b6 26. Bg4+ Kd8 27. Rad1 h5 28. Bf5 Re5 29. Bc2 Kc8 30. f4 gxf4 31. Bxf4 Rxe1+ 32. Rxe1 Kd7 33. Rf1 Ke7 34. Re1+ Kf8 35. Rd1 Ke7 36. Re1+ Kd7 37. Rf1 Ke7 1/2-1/2

[Event "Geneve op"]
[Site "Geneve"]
[Date "1995.??.??"]
[Round "8"]
[White "Meyer, Holger"]
[Black "Schild, Christophe"]
[Result "1-0"]
[WhiteElo "2330"]
[BlackElo "2115"]
[PlyCount "71"]
[EventDate "1995.??.??"]
[Source "ChessBase"]

1. e4 e5 2. Nf3 Nf6 3. Bc4 d5 4. exd5 e4 5. Qe2 Bd6 6. d3 O-O 7. dxe4 Nxe4 8. O-O Re8 9. Be3 Bg4 10. Bd3 f5 11. Re1 Nd7 12. Qf1 Qf6 13. Nbd2 Qg6 14. Bb5 Rad8 15. Nd4 a6 16. Be2 Bxe2 17. Nxe2 Nxd2 18. Bxd2 Ne5 19. Ng3 Qf7 20. c4 Bc5 21. b4 Bd4 22. Rac1 Ng4 23. Nh1 f4 24. Bc3 Bxc3 25. Rxc3 Rxe1 26. Qxe1 Re8 27. Qf1 Qf6 28. Rc1 Qb2 29. Re1 Ne5 30. f3 Qxb4 31. Re4 g5 32. Nf2 Qc5 33. Qe1 Qa3 34. Ng4 Nd3 35. Rxe8+ Kf7 36. Qe6+ 1-0

[Event "HUN-chT3 0102"]
[Site "?"]
[Date "2002.01.27"]
[Round "6.3"]
[White "Janoshalmi Attila"]
[Black "Koszorus Pal"]
[Result "1/2-1/2"]
[WhiteElo "2183"]
[BlackElo "2260"]
[PlyCount "89"]
[EventDate "2002.??.??"]
[Source "www.chesslib.no"]
[SourceDate "2004.05.04"]

1. e4 e5 2. Nf3 Nf6 3. Bc4 Nxe4 4. Nc3 Nf6 5. Nxe5 d5 6. Bb3 c6 7. d4 Be7 8. Bg5 O-O 9. O-O Bf5 10. Ne2 Ne4 11. Bxe7 Qxe7 12. f3 Nd6 13. Ng3 Bg6 14. Re1 Qd8 15. c3 Nd7 16. Qd2 Nxe5 17. dxe5 Qb6+ 18. Kh1 Nf5 19. Nxf5 Bxf5 20. Re2 a5 21. Rae1 a4 22. Bc2 Bxc2 23. Qxc2 a3 24. b3 Rad8 25. f4 d4 26. cxd4 Qxd4 27. Qc1 Rfe8 28. Rf1 Rd5 29. h3 Qb4 30. Rfe1 Qd4 31. Rf1 Qb4 32. Qe3 Qd4 33. Qg3 Qd3 34. Qe1 Qd4 35. e6 f5 36. Qc1 Qc5 37. Qb1 Qd6 38. Qe1 Kf8 39. Kh2 h6 40. Kh1 Rd4 41. Re5 Rd5 42. Re2 Rd4 43. Re5 Rd5 44. Re2 Rd4 45. Re5 1/2-1/2

[Event "St Cugat op"]
[Site "?"]
[Date "1998.??.??"]
[Round "4"]
[White "Vazquez Gamero Miguel"]
[Black "Llopis de Aysa Manuel"]
[Result "0-1"]
[WhiteElo "2215"]
[BlackElo "2225"]
[PlyCount "74"]
[EventDate "1998.??.??"]
[Source "www.chesslib.no"]
[SourceDate "2004.05.04"]

1. e4 e5 2. Nf3 Nf6 3. Bc4 Nxe4 4. Nc3 Nc6 5. Nxe4 d5 6. Bd3 dxe4 7. Bxe4 Bd6 8. O-O Bg4 9. d4 Nxd4 10. Bxb7 O-O 11. c3 Bxf3 12. Bxf3 Nxf3+ 13. Qxf3 Qh4 14. Qd5 Rae8 15. h3 Kh8 16. Be3 f5 17. Bc5 Rf6 18. Bxd6 cxd6 19. Rad1 f4 20. f3 Rg6 21. Rd2 Qxh3 22. Qf7 Qe6 23. Qxa7 d5 24. Qc5 d4 25. Re1 dxc3 26. bxc3 h5 27. Rde2 Rg5 28. a4 h4 29. Qf2 Qh6 30. Kh2 h3 31. gxh3 Rg3 32. Qf1 Qh5 33. Re4 Qf5 34. Rxf4 Qxf4 35. Re4 Qxf3 36. Rh4+ Kg8 37. Qc4+ Kf8 0-1

[Event "Hafnarfjordur Open"]
[Site "Hafnarfjordur ISL"]
[Date "1995.??.??"]
[Round "4"]
[White "Burden, James"]
[Black "Gunnarsson, Jon Viktor"]
[Result "0-1"]
[WhiteElo "2185"]
[BlackElo "2255"]
[PlyCount "76"]
[EventDate "1995.??.??"]
[Source "www.chesslib.no"]
[SourceDate "2004.05.04"]

1. e4 e5 2. Nf3 Nf6 3. Bc4 Nxe4 4. Nc3 Nf6 5. Nxe5 d5 6. Bb3 c6 7. d4 Bd6 8. Bg5 h6 9. Bh4 O-O 10. Qd3 Re8 11. f4 g5 12. fxg5 Bxe5 13. dxe5 Rxe5+ 14. Kd2 hxg5 15. Bg3 Bf5 16. Qd4 Ne4+ 17. Nxe4 Rxe4 18. Qf2 Bg6 19. Rae1 Na6 20. h4 Qa5+ 21. c3 Qb5 22. h5 Bh7 23. Qf6 Rg4 24. Re3 Nc5 25. Be5 Qd3+ 26. Rxd3 Ne4+ 27. Kd1 Nxf6 28. Rf3 Nd7 29. Bd4 Rxg2 30. h6 Rxb2 31. Rh5 Rg2 32. Rf2 Rxf2 33. Rxg5+ Bg6 34. Bxf2 Kh7 35. Be3 Nf6 36. Rg3 Ne4 37. Rf3 Bh5 38. Ke2 Rg8 0-1

[Event "MEX-ch Nat & Int 48th"]
[Site "?"]
[Date "2002.03.29"]
[Round "6"]
[White "Contreras Torres Ramon"]
[Black "Villarreal Jose Felix"]
[Result "0-1"]
[WhiteElo "2068"]
[BlackElo "2369"]
[PlyCount "76"]
[EventDate "2002.??.??"]
[Source "www.chesslib.no"]
[SourceDate "2004.05.04"]

1. e4 e5 2. Nf3 Nf6 3. Bc4 Nxe4 4. Nc3 Nc6 5. Bxf7+ Kxf7 6. Nxe4 d5 7. Neg5+ Kg8 8. d4 h6 9. Nh3 Bg4 10. dxe5 Nxe5 11. Nhg1 Bc5 12. h3 Nxf3+ 13. Nxf3 Qe7+ 14. Kf1 Be6 15. Nd4 Qf6 16. Be3 Re8 17. Qd2 Bf7 18. c3 Bb6 19. Re1 c5 20. Nf3 Kh7 21. h4 Qf5 22. Qd1 Re4 23. Nd2 Re7 24. Qb1 Qxb1 25. Rxb1 d4 26. cxd4 cxd4 27. Bf4 Bxa2 28. Re1 Rhe8 29. Rxe7 Rxe7 30. b3 Ba5 31. Rh3 b5 32. Kg1 Bc3 33. Kh2 a5 34. Rd3 b4 35. Kg3 a4 36. bxa4 b3 37. a5 b2 38. a6 Bxd2 0-1

[Event "SWE-ch qualB"]
[Site "?"]
[Date "1997.??.??"]
[Round "5"]
[White "Rundqvist Patrik"]
[Black "Hogberg Jan"]
[Result "1/2-1/2"]
[WhiteElo "2195"]
[BlackElo "2240"]
[PlyCount "80"]
[EventDate "1997.??.??"]
[Source "www.chesslib.no"]
[SourceDate "2004.05.04"]

1. e4 e5 2. Nf3 Nf6 3. Bc4 Nxe4 4. Nc3 Nxc3 5. dxc3 Be7 6. Nxe5 O-O 7. Qf3 Bf6 8. Ng4 d6 9. Nxf6+ Qxf6 10. Qxf6 gxf6 11. Bh6 Re8+ 12. Kd2 Be6 13. Rae1 Nd7 14. Bd3 Kh8 15. Re2 Ne5 16. Rhe1 Rg8 17. f3 f5 18. Be3 Nxd3 19. cxd3 Rg6 20. c4 Kg8 21. Kc3 Bd7 22. d4 Re6 23. d5 Re5 24. Bd4 Rxe2 25. Rxe2 Kf8 26. b4 a6 27. Kb3 Re8 28. Rxe8+ Kxe8 29. a4 c6 30. dxc6 Bxc6 31. b5 axb5 32. axb5 Bd7 33. Kb4 Be6 34. c5 dxc5+ 35. Kxc5 Kd7 36. Be5 Ba2 37. Kd4 Ke6 38. Bf4 Bb3 39. b6 Kf6 40. Ke3 Kg6 1/2-1/2

[Event "Pan American-ch U20"]
[Site "?"]
[Date "2000.07.10"]
[Round "9"]
[White "Esplana Christian"]
[Black "Caro Bermudes Erick"]
[Result "1-0"]
[WhiteElo "2239"]
[BlackElo "2194"]
[PlyCount "127"]
[EventDate "2000.??.??"]
[Source "www.chesslib.no"]
[SourceDate "2004.05.04"]

1. e4 e5 2. Nf3 Nf6 3. Bc4 Nxe4 4. Nc3 Nc6 5. Nxe4 d5 6. Bb5 dxe4 7. Nxe5 Qd5 8. Bxc6+ bxc6 9. d4 exd3 10. O-O Bd6 11. Nxd3 O-O 12. Be3 Re8 13. b3 c5 14. c4 Qf5 15. Qd2 Bb7 16. f3 Rad8 17. Rad1 Rd7 18. Bf2 Red8 19. Rfe1 Bf8 20. Re3 g6 21. Bh4 g5 22. Bf2 Bg7 23. Qe2 Kf8 24. Re1 Bd4 25. Re8+ Rxe8 26. Qxe8+ Kg7 27. Bxd4+ Rxd4 28. Nf2 Rd2 29. a4 Qc2 30. Qe5+ Kg6 31. Qxc5 Qxb3 32. Qxc7 Qb2 33. Qc5 Qb6 34. Qxb6+ axb6 35. Rb1 Rc2 36. Rxb6+ Kg7 37. Rxb7 Rc1+ 38. Nd1 Rxd1+ 39. Kf2 Rc1 40. Rb4 Kf6 41. a5 Ra1 42. Rb5 Ra4 43. c5 Ke6 44. c6 Rc4 45. Rxg5 Rxc6 46. Rh5 Rc2+ 47. Kg3 Ra2 48. Rxh7 Rxa5 49. Kg4 Kf6 50. Rh5 Ra4+ 51. f4 Kg6 52. Rg5+ Kh6 53. g3 f6 54. Rb5 Ra7 55. Kf5 Ra2 56. Kxf6 Rg2 57. Rg5 Ra2 58. Rg6+ Kh7 59. Kg5 Rg2 60. Rh6+ Kg7 61. Rh3 Ra2 62. g4 Ra5+ 63. f5 Rb5 64. Ra3 1-0

[Event "Scandinavia CupT U18"]
[Site "?"]
[Date "1999.??.??"]
[Round "3"]
[White "Christensen Stefan"]
[Black "Moen Andreas"]
[Result "0-1"]
[WhiteElo "2196"]
[BlackElo "2235"]
[PlyCount "72"]
[EventDate "1999.??.??"]
[Source "www.chesslib.no"]
[SourceDate "2004.05.04"]

1. e4 e5 2. Nf3 Nf6 3. Bc4 Nxe4 4. Nc3 Nxc3 5. dxc3 f6 6. O-O Qe7 7. Nh4 g6 8. Kh1 c6 9. f4 d5 10. Bb3 f5 11. Nf3 e4 12. c4 Be6 13. cxd5 Bxd5 14. Bxd5 cxd5 15. Ne5 Qe6 16. Be3 Bg7 17. Qd2 Nc6 18. Rad1 Bxe5 19. fxe5 Rd8 20. Bg5 Rd7 21. Qc3 O-O 22. Bf6 d4 23. Qa3 Nxe5 24. Bxe5 Qxe5 25. Qxa7 f4 26. a4 e3 27. Rde1 Rf6 28. Qa8+ Kg7 29. Re2 Qd5 30. Rf3 d3 31. cxd3 Qxd3 32. Re1 Qd1 33. Rff1 e2 34. Rg1 Qd3 35. Qa5 f3 36. Qg5 f2 0-1

[Event "2. Brazilian City Cup"]
[Site "?"]
[Date "1998.05.24"]
[Round "4"]
[White "De Andrade Waldemido"]
[Black "Silveira Marcos"]
[Result "1/2-1/2"]
[WhiteElo "2250"]
[BlackElo "2180"]
[PlyCount "46"]
[EventDate "1998.??.??"]
[Source "www.chesslib.no"]
[SourceDate "2004.05.04"]

1. e4 e5 2. Nf3 Nf6 3. Bc4 Nxe4 4. Nc3 Nd6 5. Bb3 Nc6 6. O-O Be7 7. Re1 e4 8. Nxe4 Nxe4 9. Rxe4 d5 10. Re1 Bg4 11. c3 O-O 12. d4 Bf6 13. Qd3 Qd6 14. g3 Rad8 15. Bf4 Qd7 16. Bc2 g6 17. Ne5 Nxe5 18. Bxe5 Bg7 19. Bxg7 Kxg7 20. Re3 Rde8 21. Rae1 Bf5 22. Qd2 Rxe3 23. Rxe3 Bxc2 1/2-1/2

[Event "Sao Paulo-ch 3rd leg"]
[Site "?"]
[Date "2002.04.28"]
[Round "6"]
[White "Gerbelli Eduardo"]
[Black "Gisclan Heverton"]
[Result "1/2-1/2"]
[WhiteElo "2157"]
[BlackElo "2269"]
[PlyCount "95"]
[EventDate "2002.??.??"]
[Source "www.chesslib.no"]
[SourceDate "2004.05.04"]

1. e4 e5 2. Nf3 Nf6 3. Bc4 Nxe4 4. Nc3 Nc6 5. Nxe4 d5 6. Bd3 dxe4 7. Bxe4 Bc5 8. O-O f6 9. Qe2 Qd6 10. Bxc6+ bxc6 11. d4 Bxd4 12. Rd1 Qe6 13. Nxd4 exd4 14. Qxe6+ Bxe6 15. Rxd4 Rd8 16. Be3 Rxd4 17. Bxd4 Kf7 18. Bxa7 Ra8 19. Be3 Rxa2 20. Rxa2 Bxa2 21. Bf4 Bb1 22. c3 c5 23. Bxc7 c4 24. f3 Ke6 25. Kf2 g6 26. Ke3 Bc2 27. Kd4 Bb3 28. Ke4 Bc2+ 29. Kf4 Bb3 30. h4 Bc2 31. Ke3 Bb3 32. Bf4 Kd5 33. Bh6 Bd1 34. Bg7 f5 35. Kf4 Ke6 36. Kg5 Kf7 37. Kh6 Kg8 38. Bd4 Be2 39. h5 gxh5 40. Kxh5 Bf1 41. g3 Bg2 42. Kg5 Bxf3 43. Kxf5 Kf7 44. Bc5 Ke8 45. Ke6 Kd8 46. Kd6 Kc8 47. Be3 Kb7 48. Kc5 1/2-1/2

[Event "Asia-ch (Women)"]
[Site "?"]
[Date "1998.??.??"]
[Round "?"]
[White "Repkova Eid Eva"]
[Black "Gorshkova Irina"]
[Result "1-0"]
[WhiteElo "2300"]
[BlackElo "2115"]
[PlyCount "82"]
[EventDate "1998.??.??"]
[Source "www.chesslib.no"]
[SourceDate "2004.05.04"]

1. e4 e5 2. Nf3 Nf6 3. Bc4 d6 4. d3 Nc6 5. c3 Be7 6. Bb3 O-O 7. O-O Be6 8. Nbd2 Bxb3 9. Qxb3 Rb8 10. Nc4 b5 11. Ne3 a5 12. Nf5 Qd7 13. a4 b4 14. Qc4 Rfe8 15. Bg5 d5 16. exd5 Qxd5 17. Nxe7+ Nxe7 18. Qh4 Qe6 19. Bxf6 Qxf6 20. Qc4 c6 21. Qc5 Nd5 22. Rfe1 bxc3 23. bxc3 e4 24. dxe4 Qxc3 25. Qa7 Ra8 26. Qd7 Nf6 27. Qb7 Rab8 28. Qa7 Nxe4 29. Rad1 Nf6 30. Ne5 Qb3 31. Nxc6 Ra8 32. Qd4 h6 33. h3 Qb7 34. Rxe8+ Nxe8 35. Qd5 Rc8 36. Nxa5 Qxd5 37. Rxd5 Nf6 38. Rd4 Rc1+ 39. Kh2 Rc2 40. f4 g5 41. fxg5 hxg5 1-0

[Event "Boavista Challenge"]
[Site "Porto"]
[Date "1998.12.06"]
[Round "4"]
[White "Costa, Fernando JM"]
[Black "Camejo Almeida, Rui"]
[Result "0-1"]
[WhiteElo "2115"]
[BlackElo "2295"]
[PlyCount "104"]
[EventDate "1998.12.03"]
[Source "ChessBase"]
[SourceDate "1999.01.01"]

1. e4 e5 2. Nf3 Nf6 3. Bc4 Nxe4 4. Nc3 Nxc3 5. dxc3 f6 6. Nh4 g6 7. O-O Qe7 8. Be3 d6 9. f4 Bh6 10. Qf3 e4 11. Qe2 f5 12. g3 Nc6 13. Rad1 Be6 14. Rd2 a6 15. Rfd1 Bg7 16. Bd5 O-O 17. Ng2 Kh8 18. Bxc6 bxc6 19. Bd4 Rfb8 20. b3 a5 21. a4 Rd8 22. h4 Rd7 23. Kf2 c5 24. Bxg7+ Kxg7 25. c4 c6 26. h5 d5 27. hxg6 hxg6 28. Rh1 dxc4 29. Rxd7 Qxd7 30. Rd1 Qe7 31. Qd2 cxb3 32. cxb3 Rb8 33. Qc3+ Qf6 34. Qxa5 Rxb3 35. Qc7+ Bf7 36. Kg1 Rd3 37. Re1 Rxg3 38. Kh2 Qc3 39. Re2 Rh3+ 40. Kg1 Qd4+ 41. Rf2 Rf3 42. Qe5+ Qxe5 43. fxe5 Ra3 44. Rb2 Bb3 45. Rd2 Bd5 46. Nf4 Rxa4 47. Nxd5 cxd5 48. Rxd5 Kf7 49. Rd6 e3 50. Kf1 Re4 51. Rd5 e2+ 52. Ke1 f4 0-1

[Event "Cerbona op 3rd"]
[Site "?"]
[Date "2001.07.13"]
[Round "2.11"]
[White "Heinrich Ferenc"]
[Black "Gal Lajos"]
[Result "0-1"]
[WhiteElo "2279"]
[BlackElo "2126"]
[PlyCount "116"]
[EventDate "2001.??.??"]
[Source "www.chesslib.no"]
[SourceDate "2004.05.04"]

1. e4 e5 2. Nf3 Nf6 3. Bc4 Nxe4 4. Nc3 Nd6 5. Bb3 Nc6 6. Qe2 Be7 7. Nxe5 O-O 8. Nxc6 dxc6 9. O-O Nf5 10. d3 Nd4 11. Qh5 Bf5 12. Be3 Bg6 13. Qg4 Bf6 14. f4 Nf5 15. Bf2 Re8 16. Kh1 Kh8 17. Rab1 Bd4 18. Ne4 Bxf2 19. Rxf2 Qd4 20. Re2 Nh6 21. Qf3 f5 22. Ng5 Rxe2 23. Qxe2 Qxf4 24. Ne6 Qd6 25. Qd2 Bf7 26. Ng5 Bxb3 27. axb3 Rf8 28. Re1 Ng4 29. Nf3 h6 30. h3 Nf6 31. Ne5 Nd7 32. Nc4 Qg3 33. Re7 Nf6 34. Re3 Qf4 35. g3 Qf1+ 36. Kh2 Nd5 37. Re1 Qf3 38. Re6 f4 39. Qg2 fxg3+ 40. Qxg3 Qf2+ 41. Qxf2 Rxf2+ 42. Kg3 Rxc2 43. h4 Kh7 44. Na5 Rd2 45. Nxb7 Rxd3+ 46. Kg4 Rxb3 47. Nd8 Rxb2 48. Rxc6 a5 49. Rc5 Rd2 50. Ne6 a4 51. Nxc7 Nf6+ 52. Kh3 a3 53. Ra5 a2 54. Ne6 Nd5 55. Nc5 Nc3 56. Ra3 Rd1 57. Nb3 Rb1 58. Nd2 Rh1+ 0-1

[Event "ol (Men)"]
[Site "Buenos Aires ol (Men)"]
[Date "1978.??.??"]
[Round "?"]
[White "Saqqa"]
[Black "Broomes, G."]
[Result "1-0"]
[WhiteElo "2200"]
[BlackElo "2200"]
[PlyCount "47"]
[EventDate "1978.??.??"]
[Source "www.chesslib.no"]
[SourceDate "2004.05.04"]

1. e4 e5 2. Nf3 Nf6 3. Bc4 Nxe4 4. d4 d5 5. Bb3 exd4 6. Nxd4 Bc5 7. Be3 O-O 8. Nd2 Re8 9. Nxe4 dxe4 10. Bxf7+ Kxf7 11. Qh5+ Kg8 12. Qxc5 Kh8 13. O-O-O Nd7 14. Qc3 Nb6 15. Ne6 Qe7 16. Nxg7 Kg8 17. Nxe8 Qxe8 18. Bh6 Qe7 19. Rd8+ Kf7 20. Qg7+ Ke6 21. Qg8+ Kf5 22. Rf8+ Ke5 23. Re8 Be6 24. Qg3+ 1-0

[Event "CZE-chTV 9900"]
[Site "?"]
[Date "1999.??.??"]
[Round "?"]
[White "Kolar Pavel"]
[Black "Vanka Miloslav"]
[Result "0-1"]
[WhiteElo "2145"]
[BlackElo "2250"]
[PlyCount "84"]
[EventDate "1999.??.??"]
[Source "www.chesslib.no"]
[SourceDate "2004.05.04"]

1. e4 e5 2. Nf3 Nf6 3. Bc4 Nxe4 4. Nc3 Nc6 5. O-O Nd6 6. Bd5 Be7 7. Bxc6 dxc6 8. Nxe5 O-O 9. d4 Nf5 10. Nf3 Bf6 11. Ne4 Be6 12. Nxf6+ Qxf6 13. c3 Bd5 14. Ne5 Rad8 15. Qg4 h6 16. Qf4 Rfe8 17. f3 c5 18. Ng4 Qe6 19. Bd2 cxd4 20. Rae1 Qg6 21. cxd4 c6 22. b3 Be6 23. Bc3 Qg5 24. Qc7 h5 25. Nf2 Ne3 26. Qg3 Qxg3 27. hxg3 Nxf1 28. Kxf1 Bf5 29. Ne4 f6 30. Kf2 Kf7 31. Ke3 g5 32. Kf2 Kg6 33. Ke3 b6 34. b4 Be6 35. a3 f5 36. Nd2 Bc4+ 37. Kf2 Rxe1 38. Kxe1 Re8+ 39. Kd1 Bd3 40. Nb3 Bf1 41. Bd2 Bxg2 42. f4 h4 0-1

[Event "Grenoble masters"]
[Site "Grenoble"]
[Date "2002.06.27"]
[Round "6"]
[White "Aguettaz, Maxime"]
[Black "Deleva, Mickael"]
[Result "1/2-1/2"]
[WhiteElo "2206"]
[BlackElo "2186"]
[PlyCount "33"]
[EventDate "2002.06.22"]
[Source "ChessBase"]
[SourceDate "2002.07.08"]

1. e4 e5 2. Nf3 Nf6 3. Bc4 Nxe4 4. Nc3 Nc6 5. Nxe4 d5 6. Bd3 dxe4 7. Bxe4 Bd6 8. d4 exd4 9. Bxc6+ bxc6 10. Qxd4 O-O 11. O-O c5 12. Qh4 Qxh4 13. Nxh4 Rb8 14. Re1 Be6 15. b3 c4 16. Bd2 Rfe8 17. Nf3 1/2-1/2

[Event "Corr"]
[Site "?"]
[Date "1997.??.??"]
[Round "?"]
[White "Martinec Bob"]
[Black "Mascioni Vania D"]
[Result "0-1"]
[WhiteElo "2091"]
[BlackElo "2299"]
[PlyCount "94"]
[EventDate "1997.??.??"]
[Source "www.chesslib.no"]
[SourceDate "2004.05.04"]

1. e4 e5 2. Nf3 Nf6 3. Bc4 Nxe4 4. Nc3 Nxc3 5. dxc3 f6 6. O-O d6 7. Nh4 g6 8. f4 Qe7 9. fxe5 dxe5 10. Be3 Be6 11. Qf3 c6 12. Bxe6 Qxe6 13. Qxf6 Qxf6 14. Rxf6 Be7 15. Bg5 Bxf6 16. Bxf6 O-O 17. Bxe5 Nd7 18. Bg3 Nb6 19. Nf3 Nc4 20. b3 Ne3 21. Re1 Rfe8 22. Rc1 Rad8 23. a4 Rd1+ 24. Rxd1 Nxd1 25. Be5 Ne3 26. Bd4 Nxc2 27. Bxa7 Na1 28. Nd4 Re3 29. Nxc6 Rxc3 30. Nd8 Nxb3 31. Bb6 Rc8 32. a5 Nc5 33. Kf2 Nd7 34. Nxb7 Nxb6 35. axb6 Rc6 36. h4 Rxb6 37. Nc5 Rb4 38. g3 Rc4 39. Nd7 Kg7 40. Ke3 h5 41. Ne5 Ra4 42. Nd7 Rg4 43. Kf3 Rd4 44. Nc5 Kf6 45. Ke3 Rb4 46. Nd3 Rb3 47. Ke4 g5 0-1

[Event "Verbandsliga Nord Baden 0001"]
[Site "?"]
[Date "2001.01.14"]
[Round "5.4"]
[White "Neumann Andreas"]
[Black "Klueners Juergen"]
[Result "1-0"]
[WhiteElo "2210"]
[BlackElo "2173"]
[PlyCount "53"]
[EventDate "2001.??.??"]
[Source "www.chesslib.no"]
[SourceDate "2004.05.04"]

1. e4 e5 2. Nf3 Nf6 3. Bc4 Nxe4 4. Nc3 Nxc3 5. dxc3 f6 6. Nh4 g6 7. f4 Qe7 8. f5 Qg7 9. fxg6 hxg6 10. Qg4 g5 11. Nf5 Qh7 12. Bd3 Qf7 13. Rf1 Rxh2 14. Bxg5 Qg8 15. Qg3 Rxg2 16. Qxg2 Qxg5 17. Qxg5 fxg5 18. Rg1 d5 19. Rxg5 Kf7 20. O-O-O Kf6 21. Rh5 e4 22. Be2 Nc6 23. Rf1 Be6 24. Nd4+ Ke7 25. Rh7+ Kd6 26. Nb5+ Ke5 27. Rh5+ 1-0

[Event "SLO Ch U18"]
[Site "Slovenia"]
[Date "1993.??.??"]
[Round "?"]
[White "Krnjovsek, Andrej"]
[Black "Pavasovic, Dusko"]
[Result "0-1"]
[WhiteElo "2075"]
[BlackElo "2295"]
[PlyCount "68"]
[EventDate "1993.??.??"]
[Source "www.chesslib.no"]
[SourceDate "2004.05.04"]

1. e4 e5 2. Nf3 Nf6 3. Bc4 Nxe4 4. Nc3 Nxc3 5. dxc3 f6 6. Nh4 g6 7. f4 Qe7 8. f5 Qg7 9. fxg6 hxg6 10. Qg4 Kd8 11. Qg3 g5 12. Nf5 Qh7 13. O-O d5 14. Bxd5 Bxf5 15. Rxf5 Qxf5 16. Bxb7 Bd6 17. Qf2 Qxf2+ 18. Kxf2 c6 19. Bxa8 Kc7 20. Be3 Nd7 21. Bxc6 Kxc6 22. Bxa7 Bc5+ 23. Bxc5 Nxc5 24. h3 Na4 25. b3 Nxc3 26. Ke3 Kc5 27. Kd3 Nd5 28. Ke4 Rh4+ 29. Kf3 Rd4 30. a4 e4+ 31. Ke2 Nf4+ 32. Kf2 Rd2+ 33. Kf1 Nxg2 34. c3 e3 0-1

[Event "Toulouse"]
[Site "?"]
[Date "1999.??.??"]
[Round "4"]
[White "Brochet Philippe"]
[Black "Picart Laurent"]
[Result "1-0"]
[WhiteElo "2349"]
[BlackElo "2010"]
[PlyCount "41"]
[EventDate "1999.??.??"]
[Source "www.chesslib.no"]
[SourceDate "2004.05.04"]

1. e4 e5 2. Nf3 Nf6 3. Bc4 Nxe4 4. O-O d5 5. Qe2 Be7 6. Nxe5 O-O 7. d4 c6 8. Bd3 Nd6 9. Re1 Bf6 10. Bf4 Bf5 11. Nd2 Bxd3 12. Qxd3 Na6 13. Nxc6 bxc6 14. Qxa6 Bxd4 15. Qxc6 Bxf2+ 16. Kxf2 Qh4+ 17. Bg3 Qd4+ 18. Kf1 Nf5 19. Qc3 Qb6 20. Bf2 d4 21. Qd3 1-0

[Event "Villa de Mislata op-10"]
[Site "Mislata"]
[Date "2001.08.21"]
[Round "2.16"]
[White "San Claudio Gonzalez, Francisco Javier"]
[Black "Bonati, Charles"]
[Result "1-0"]
[WhiteElo "2299"]
[BlackElo "2051"]
[PlyCount "93"]
[EventDate "2001.08.20"]
[Source "www.chesslib.no"]
[SourceDate "2004.05.04"]

1. e4 e5 2. Nf3 Nf6 3. Bc4 Nxe4 4. Nc3 Nxc3 5. dxc3 c6 6. Nxe5 d5 7. Qe2 Be6 8. Bd3 Nd7 9. f4 Nxe5 10. Qxe5 Qd6 11. Qe2 Be7 12. O-O O-O 13. f5 Bc8 14. Bf4 Qd8 15. Rae1 Bf6 16. Kh1 Bd7 17. Qf2 b6 18. Ba6 Bc8 19. Bxc8 Rxc8 20. Re3 Qd7 21. Be5 Bxe5 22. Rxe5 f6 23. Re6 Rfe8 24. Rfe1 Rxe6 25. fxe6 Qd6 26. Qe2 Re8 27. h3 Re7 28. c4 dxc4 29. Qxc4 Qd5 30. Qf4 Rxe6 31. Qb8+ Kf7 32. Qxa7+ Kg6 33. Rxe6 Qxe6 34. Qxb6 Qxa2 35. Qxc6 Qxb2 36. Qe4+ Kh6 37. c4 f5 38. Qe3+ g5 39. c5 Qb1+ 40. Kh2 f4 41. Qc3 Qb8 42. c6 Qc7 43. Qf6+ Kh5 44. Kh1 h6 45. Qe6 Qa5 46. Qe8+ Kh4 47. Qe2 1-0

[Event "7. Pablo Gorbea"]
[Site "?"]
[Date "2003.09.07"]
[Round "7"]
[White "Moreno Torrero Javier"]
[Black "Barez Hector"]
[Result "1/2-1/2"]
[WhiteElo "2085"]
[BlackElo "2252"]
[PlyCount "91"]
[EventDate "2003.??.??"]
[Source "www.chesslib.no"]
[SourceDate "2004.05.04"]

1. e4 e5 2. Nf3 Nf6 3. Bc4 Nxe4 4. Nc3 Nc6 5. Nxe4 d5 6. Bb5 dxe4 7. Nxe5 Qg5 8. d4 Qxg2 9. Ke2 Bg4+ 10. Nxg4 Qxg4+ 11. Ke1 Qxd1+ 12. Kxd1 O-O-O 13. c3 Ne5 14. Be2 h5 15. Kc2 Ng6 16. Bc4 Rd7 17. Bd2 Bd6 18. Rae1 Re7 19. f3 exf3 20. Rxe7 Bxe7 21. Bxf7 Nh4 22. Be6+ Kb8 23. Rf1 Rf8 24. Kd3 Rf6 25. d5 Rg6 26. Bf7 Rb6 27. b4 g6 28. Be6 Rd6 29. Be1 Ng2 30. Bg3 g5 31. Rxf3 Rd8 32. Rf7 Bd6 33. Bxd6 cxd6 34. Ke4 Nf4 35. Rg7 Re8 36. Kf5 Nh3 37. c4 Rf8+ 38. Rf7 Rd8 39. c5 dxc5 40. bxc5 Nf4 41. c6 bxc6 42. dxc6 Nxe6 43. Kxe6 Rd2 44. Rb7+ Kc8 45. Rxa7 Rxh2 46. a4 1/2-1/2

[Event "HUN-chT2 0102"]
[Site "?"]
[Date "2001.10.14"]
[Round "2"]
[White "Schmikli Laszlo"]
[Black "Balvanyos Istvan"]
[Result "1-0"]
[WhiteElo "2234"]
[BlackElo "2100"]
[PlyCount "87"]
[EventDate "2001.??.??"]
[Source "www.chesslib.no"]
[SourceDate "2004.05.04"]

1. e4 e5 2. Nf3 Nf6 3. Bc4 Nxe4 4. Nc3 Nf6 5. Nxe5 d5 6. Bb3 Bd6 7. d4 c6 8. Bg5 Be6 9. f4 Qc7 10. Qf3 Nbd7 11. f5 O-O 12. Bxf6 Nxf6 13. fxe6 Bxe5 14. dxe5 Qxe5+ 15. Qe2 Qxe6 16. O-O Qd6 17. Qf3 b5 18. Ne2 Ne4 19. Rad1 Qc5+ 20. Kh1 Rae8 21. c3 Re6 22. Ng3 Nxg3+ 23. Qxg3 Re2 24. Rde1 Rxb2 25. Qf4 g6 26. Re8 f5 27. Rxf8+ Kxf8 28. Qh6+ Kg8 29. Re1 Qe7 30. Rg1 Qe4 31. Qg5 c5 32. Qd8+ Kg7 33. Bxd5 Qe5 34. Qg8+ Kh6 35. Qf8+ Kg5 36. Bf3 Qxc3 37. h4+ Kf4 38. Rf1 Kg3 39. Qe7 Qd2 40. Qxh7 Rb4 41. Be4 Qd6 42. Rf3+ Kg4 43. Bxf5+ gxf5 44. Qxf5+ 1-0